Barokní fenomén v současnosti

Bibliographic Details
Main Author: Rotrekl, Zdeněk (Author)
Format: Book
Language:Czech
PhysicalDescription:232 s. 20 cm
Published: Praha Torst 1995
ISBN:8085639513
Subjects:

MARC

LEADER 00000nam a2200000 a 4500
001 vtls001286692
003 SK-MaSNL
005 20260301113438.0
008 251124s1995 xr c 0 cze
020 |a 8085639513  |c [64,00] 
035 |a SNK000238244 
040 |a SNK  |b slo  |c SNK  |e AACR2 
044 |a xr  |c CZ 
080 |a 885.0(091)  |2 1981 
080 |a 008(437.1)  |2 1981 
080 |a 885.0-4  |2 1981 
100 1 |a Rotrekl, Zdeněk  |4 aut  |9 455582 
245 1 0 |a Barokní fenomén v současnosti  |c Zdeněk Rotrekl 
260 |a Praha  |b Torst  |c 1995 
300 |a 232 s.  |c 20 cm 
650 0 7 |a kultúra česká  |x eseje  |2 SNK  |9 455583 
650 0 7 |a literatúra česká  |x eseje  |2 SNK  |9 455584 
919 |a 80-85639-51-3 
999 |c 714255  |d 716185 
952 |t P60, <04>, [BOOK], {604}  |a SNK  |b SNK  |y VYP  |7 0  |p 17A0063396  |o snkID 96117  |i snkV 1198/97  |0 0  |1 0  |4 0  |d 1997-05-20  |l 0  |r 2005-01-02 00:00:00  |w 2026-02-23